000 00306nam a2200097Ia 4500
008 220204s9999 xx 000 0 und d
082 _a338.5:664.1(047)
_bTAR
245 0 _areport on the cost structure of and fair price payable to the sugar industry
260 _aBombay
_bTariff Commission
_c1973
942 _cBK
999 _c23426
_d23426